| 000 | 01866nam a2200373 i 4500 | ||
|---|---|---|---|
| 001 | 5234193 | ||
| 003 | CZ PrSKC | ||
| 005 | 20260428083214.0 | ||
| 007 | ta | ||
| 008 | 260423s2026 xr g 000 f cze | ||
| 020 |
_a9788027155019 _cKč 399,00 |
||
| 040 |
_aABG001 _bcze _erda |
||
| 041 | 1 |
_acze _heng |
|
| 072 | 7 |
_a821.111-3 _xAnglická próza, anglicky psaná _2Konspekt |
|
| 080 |
_a821.111-31 _2MRF |
||
| 080 |
_a(0:82-31)-055.2 _2MRF |
||
| 100 | 1 |
_aConnor, Cassie _4aut _920713 |
|
| 240 | 1 | 0 |
_aHot pursuit. _lČesky |
| 245 | 1 | 0 |
_aDivoká hra / _cCassie Connor ; přeložila Marie Frydrychová |
| 250 | _aPrvní vydání | ||
| 264 | 1 |
_aPraha : _bCosmopolis, _c2026 |
|
| 300 |
_a286 stran ; _c21 cm |
||
| 500 | _aPřeloženo z angličtiny | ||
| 500 | _aNa obálce uvedeno: autorka známá jako Julie Caplinová | ||
| 520 | 2 |
_aLydia se přihlásí do reality show, netuší však, že její partnerem bude muž, který jí v minulosti zlomil srdce. _bLydia Smithová nutně potřebuje peníze, a tak se přihlásí do drsné reality show Zachraň se, kdo můžeš. Když se však z jejího soutěžního partnera vyklube Tom Dereborn, raději by hned vzala nohy na ramena. Muž, se kterým před rokem strávila nezapomenutelný víkend plný vášně, se jí už nikdy neozval, a teď navíc předstírá, že ji vůbec nezná. Nyní jsou ale odkázáni jeden na druhého, v patách mají lovce a potlačené emoce vyplouvají na povrch. Když se minulost začne opakovat, jsou v sázce jsou nejen peníze, ale i Lydiino srdce. Nakladatelská anotace. Kráceno. |
|
| 655 | 7 | _aanglické romány | |
| 655 | 7 |
_aromány pro ženy _91646 |
|
| 655 | 9 | _aEnglish fiction | |
| 655 | 9 |
_awomen's novels _96833 |
|
| 700 | 1 |
_aFrydrychová, Marie, _d1967- _4trl _98026 |
|
| 710 | 2 |
_aGrada (nakladatelství) _4pbl _920714 |
|
| 910 | _aABG508 | ||
| 999 |
_c34218 _d34218 |
||